000 01500nam0a22003131 4500
001 RU\INGAK2\INFOCOMM_322\NLR\5000189370
005 20250625203102.0
035 _a(NLR Aleph) 011047609
090 _a11181716
_c11181716
100 _a20130221d1984 |||y0rusy50 ca
101 0 _aeng
102 _aRU
105 _ay z||||
200 1 _aMicroscopic description of the (p, n) spectra at Ep=200 MeV
_eSubmitted to Intern. conf. on antinucleons a. nucleon-nucleus interactions (Colorado, March 18-21, 1985)
_fJ. Bang, S. N. Ershov, S. A. Fayans et al.
210 _aДубна
_cОбъед. ин-т ядер. исслед.
_d1984
215 _a7 с.
_cграф.
_d21 см
225 1 _aОбъединенный институт ядерных исследований, Дубна
_vЕ4-84-837
300 _aНа 3-й с. обл.: Микроскопическое описание спектров (p, n) реакции при Ep=200 МэВ / Банг Е. и др.
300 _aРез. на рус. яз.
320 _aБиблиогр.: с. 6-7
517 1 _aМикроскопическое описание спектров (p, n) реакции при Ep=200 МэВ
_zrus
606 0 _aАтомное ядро
_xЯдерные реакции вызываемые протонами
_xСпектр
_2nlr_sh1
686 _aВ383.521
_2rubbk
701 1 _aBang
_bJ.
_gJens
801 1 _aRU
_bInfoComm
_c20130221
801 0 _aRU
_bNLR
_gPSBO
852 _aNLR
_jФз01 Д-4/2878
942 _cBOOK
980 _aNB